[Event "Kiev Shystarev Memorial 1st"]
[Site "Kiev"]
[Date "2020.08.27"]
[Round "4"]
[White "Homeniuk, Ivan"]
[Black "Semeshko, Mykola"]
[Result "1-0"]
[WhiteElo "2007"]
[BlackElo "1612"]
[PlyCount "55"]
[EventDate "2020.08.25"]
[EventType "swiss"]
[EventRounds "9"]
[EventCountry "UKR"]
[SourceTitle "EXT 2022"]
[Source "ChessBase"]
[SourceDate "2021.10.06"]
[SourceVersion "1"]
[SourceVersionDate "2021.10.06"]
[SourceQuality "1"]

1. e4 c5 2. Nc3 Nc6 3. f4 d6 4. Bb5 a6 5. Bxc6+ bxc6 6. d3 g6 7. Nf3 Bg7 8. 0-0 Nf6 9. Qe1 0-0 10. Qh4 c4 11. dxc4 Ng4 12. h3 Qb6+ 13. Kh1 Bf6 14. Qe1 Bxc3 15. bxc3 Nf6 16. e5 Nh5 17. g4 Ng7 18. Qh4 f6 19. exf6 exf6 20. f5 c5 21. fxg6 hxg6 22. Qh6 g5 23. Bxg5 fxg5 24. Nxg5 Qb7+ 25. Kh2 Rxf1 26. Rxf1 Nf5 27. gxf5 Qg7 28. Qxd6 1-0